Pearson intravenous drug guide 2011-2012 (رقم التسجيلة. 21569)

تفاصيل مارك
000 -الفاتح
حقل البيانات ثابتة الطول 01926nam a2200433Ia 4500
001 - رقم الضبط
رقم الضبط 690620162
003 - محدد رقم الضبط
رقم الضبط OCoLC
005 - وقت وتاريخ اخر تعامل مع التسجيلة
رقم الضبط 20150408114015.0
006 - عناصر البيانات ثابتة الطول - خصائص المادة الاضافية-معلومات عامة
حقل البيانات ثابتة الطول m d
007 - الحقل الثابت للوصف المادى- معلومات عامة
حقل البيانات ثابتة الطول cr cn|||||||||
008 - عناصر البيانات ثابتة الطول - معلومات عامة
حقل البيانات ثابتة الطول 101208s2011 nju sbf 001 0 eng d
020 ## - الرقم الدولى المعيارى للكتب
الرقم الدولى المعيارى للكتاب 9780135138977 (electronic bk.)
020 ## - الرقم الدولى المعيارى للكتب
الرقم الدولى المعيارى للكتاب 0135138973 (electronic bk.)
035 ## - رقم ضبط النظام
رقم ضبط النظام (OCoLC)690620162
037 ## - مصدر التزويد
رقم المخزون tds332
مصدر رقم المخزون/ التزويد Teton Data Systems
ملاحظة http://www.statref.com
040 ## - مصدر الفهرسة
وكالة الفهرسة الأصلية TETON
لغة الفهرسة eng
وكالة النسخ TETON
050 #4 - رقم طلب مكتبة الكونجرس
رقم التصنيف RM170
رقم المادة .W555 2011
060 14 - رقم الطلب بالمكتبة الطبية الوطنية
رقم التصنيف 2010 J-935
060 14 - رقم الطلب بالمكتبة الطبية الوطنية
رقم التصنيف QV 735
رقم المادة W746p 2011
082 04 - رقم تصنيف ديوى العشرى
رقم التصنيف 615.6
رقم الطبعة 22
100 1# - المدخل الرئيسى - إسم شخصى
الإسم الشخصى Wilson, Billie Ann.
9 (RLIN) 11590
245 10 - بيان العنوان
العنوان Pearson intravenous drug guide 2011-2012
بيان المسئوليه,etc Billie Ann Wilson, Margaret T. Shannon, Kelly M. Shields.
246 3# - العنوان الموازى
عنوان صحيح/عنوان مختصر Intravenous drug guide 2011-2012.
260 ## - PUBLICATION, DISTRIBUTION, ETC. (IMPRINT)
مكان الناشر او الموزع Upper Saddle River, NJ :
اسم الناشر او الموزع Pearson,
تاريخ النشر أو التوزيع c2011.
300 ## - الوصف المادى
التعداد xix, 744 p.
504 ## - تبصرة ببليوجرافية
تبصرة ببليوجرافية,الخ Includes bibliographical references and index.
533 ## - تبصرة الاستنساخ
نوع الاستنساخ Electronic reproduction.
مكان الاستنساخ Jackson, Wyo. :
الوكالة المسؤولة عن الاستنساخ Teton Data Systems,
تاريخ الاستنساخ 2010.
تبصرة بخصوص الاستنساخ Mode of access: World Wide Web.
-- System requirements: Web browser.
-- Title from title screen (viewed on Dec. 8, 2010).
-- Access may be restricted to users at subscribing institutions.
650 #0 - المدخل الاضافى بالموضوع-مصطلح موضوعى
مصطلح موضوعي أو اسم جغرافي كعنصر مدخل Injections, Intravenous
التقسيم الفرعي الشكلي Handbooks, manuals, etc.
9 (RLIN) 11591
650 #0 - المدخل الاضافى بالموضوع-مصطلح موضوعى
مصطلح موضوعي أو اسم جغرافي كعنصر مدخل Drugs
التقسيم الفرعي الشكلي Handbooks, manuals, etc.
9 (RLIN) 4753
650 12 - المدخل الاضافى بالموضوع-مصطلح موضوعى
مصطلح موضوعي أو اسم جغرافي كعنصر مدخل Infusions, Intravenous
التقسيم الفرعي الشكلي Handbooks.
9 (RLIN) 11592
650 12 - المدخل الاضافى بالموضوع-مصطلح موضوعى
مصطلح موضوعي أو اسم جغرافي كعنصر مدخل Pharmaceutical Preparations
التقسيم الفرعي العام administration & dosage
التقسيم الفرعي الشكلي Handbooks.
9 (RLIN) 5772
655 #7 - مصطلح تكشيفى-نوع/شكل
بيانات النوع/ الشكل أو المصطلح الأساسي Electronic books.
مصدر المصطلح local.
9 (RLIN) 4135
700 1# - المدخل الاضافى - اسم شخصى
الإسم الشخصى Shannon, Margaret T.
9 (RLIN) 11593
700 1# - المدخل الاضافى - اسم شخصى
الإسم الشخصى Shields, Kelly M.
9 (RLIN) 11594
710 2# - المدخل الاضافى - اسم هيئه
اسم الهيئة أو اسم السلطة كمدخل STAT!Ref (Online service)
9 (RLIN) 11595
710 2# - المدخل الاضافى - اسم هيئه
اسم الهيئة أو اسم السلطة كمدخل Teton Data Systems (Firm)
9 (RLIN) 11596
776 08 - مدخل الشكل المادى الاضافى
نص العرض Print version:
رأس المدخل الرئيسي Wilson, Billie Ann.
العنوان Pearson intravenous drug guide 2011-2012.
الناشر و مكان و تاريخ النشر Upper Saddle River, NJ : Pearson, c2011
الرقم الدولى المعيارى للكتاب 0135138973
رقم ضبط التسجيلة (DLC) 2010022133
-- (OCoLC)636894415.
942 ## - عناصر المدخل الإضافي( كوها)
مصدر التصنيف او مخطط الترفيف Dewey Decimal Classification
Koha [default] item type كتاب
المقتنيات
حالة الفقد نموذج السعر الفعال حالة تلف ليس للاعارة رقم الطلب تاريخ الاكتساب الموقع الحالي الباركود الفرع الرئيسي Date last checked out Date last seen نوع المادة فى نظام كوها مصدر التصنيف او خطة الترفيف Total Checkouts
  2013-03-10     615.6 W B P 2012-04-22 المكتبة المركزية بالمجمعة (CL) 00084299 المكتبة المركزية بالمجمعة (CL)   2013-03-10 كتاب Dewey Decimal Classification  
  2013-03-10     615.6 W B P 2012-04-22 المكتبة المركزية بالمجمعة (CL) 00084298 المكتبة المركزية بالمجمعة (CL)   2013-03-10 كتاب Dewey Decimal Classification  
  2013-03-10     615.6 W B P 2012-04-19 مكتبة كلية العلوم الطبية التطبيقية بالمجمعة - طالبات (AMF) 00084224 مكتبة كلية العلوم الطبية التطبيقية بالمجمعة - طالبات (AMF) 2018-02-07 2018-03-20 كتاب Dewey Decimal Classification 3
  2013-03-10     615.6 W B P 2012-04-19 مكتبة كلية العلوم الطبية التطبيقية بالمجمعة - طالبات (AMF) 00084223 مكتبة كلية العلوم الطبية التطبيقية بالمجمعة - طالبات (AMF) 2023-03-16 2023-03-29 كتاب Dewey Decimal Classification 3